Socialist register 1995 : (Record no. 52267)
[ view plain ]
| 000 -LEADER | |
|---|---|
| campo de control de longitud fija | 01857cam a2200361 4500 |
| 001 - NÚMERO DE CONTROL | |
| campo de control | 12178 |
| 005 - FECHA Y HORA DE LA ÚLTIMA TRANSACCIÓN | |
| campo de control | 20230410120815.0 |
| 008 - DATOS DE LONGITUD FIJA--INFORMACIÓN GENERAL | |
| campo de control de longitud fija | 060907s1995 enk b 000 0 eng d |
| 020 ## - NÚMERO INTERNACIONAL ESTÁNDAR DEL LIBRO | |
| Número Internacional Estándar del Libro | 0850364493 (hbk.) |
| 020 ## - NÚMERO INTERNACIONAL ESTÁNDAR DEL LIBRO | |
| Número Internacional Estándar del Libro | 0850364485 (pbk.) |
| 035 ## - NÚMERO DE CONTROL DEL SISTEMA | |
| -- | funglode12274 |
| 041 ## - CÓDIGO DE IDIOMA | |
| Código de lengua del texto/banda sonora o título independiente | ENG |
| 050 14 - SIGNATURA TOPOGRÁFICA DE LA BIBLIOTECA DEL CONGRESO | |
| Número de clasificación | HX 15 |
| Número de ítem | S678 1995 |
| 082 00 - NÚMERO DE LA CLASIFICACIÓN DECIMAL DEWEY | |
| Número de clasificación | 335 |
| 245 00 - MENCIÓN DEL TÍTULO | |
| Título | Socialist register 1995 : |
| Resto del título | why not capitalism / |
| Mención de responsabilidad, etc. | edited by Leo Panitch, special coeditors Ellen Melksins Wood and John Saville. |
| 246 30 - FORMA VARIANTE DEL TITULO | |
| Título propio/Titulo breve | Why not capitalism |
| 260 ## - PUBLICACIÓN, DISTRIBUCIÓN, ETC. | |
| Lugar de publicación, distribución, etc. | London : |
| Nombre del editor, distribuidor, etc. | The Merlin press, |
| Fecha de publicación, distribución, etc. | 1995 |
| 300 ## - DESCRIPCIÓN FÍSICA | |
| Extensión | vii, 289 p. ; |
| Dimensiones | 21 cm. |
| 504 ## - NOTA DE BIBLIOGRAFÍA, ETC. | |
| Nota de bibliografía, etc. | Incluye referencias bibliográficas. |
| 505 0# - NOTA DE CONTENIDO CON FORMATO | |
| Nota de contenido con formato | Ralph Miliband, socialist intellectual, 1924-1994 -- A chronology of the new left and its successors, or: who's old-fashioned now? -- Saying no to capitalism at the millenium -- Once more moving on: social movements, political representation and the left -- Globalizing capitalism and the rise of identity politics -- Europe in search of a future -- The Yeltsin regime -- The state in the third world -- The 'underclass' and the US welfare state -- 'Class war conservatism': housing policy, homelessness and the 'underclass' -- Capitalist democracy revisited -- Parliamentary socialism revisited -- Harold Laski's socialism -- How if all began: a footnote to history -- Ralph Miliband, a select bibliography in english. |
| 650 #0 - PUNTO DE ACCESO ADICIONAL DE MATERIA--TÉRMINO DE MATERIA | |
| Término de materia o nombre geográfico como elemento de entrada | Socialism |
| Subdivisión de forma | Periodicals. |
| 650 #0 - PUNTO DE ACCESO ADICIONAL DE MATERIA--TÉRMINO DE MATERIA | |
| Término de materia o nombre geográfico como elemento de entrada | Communism |
| Subdivisión de forma | Periodicals. |
| 650 #0 - PUNTO DE ACCESO ADICIONAL DE MATERIA--TÉRMINO DE MATERIA | |
| Término de materia o nombre geográfico como elemento de entrada | World politics |
| Subdivisión cronológica | 1989- |
| Subdivisión de forma | Periodicals. |
| 650 #4 - PUNTO DE ACCESO ADICIONAL DE MATERIA--TÉRMINO DE MATERIA | |
| Término de materia o nombre geográfico como elemento de entrada | Socialismo |
| 650 #4 - PUNTO DE ACCESO ADICIONAL DE MATERIA--TÉRMINO DE MATERIA | |
| Término de materia o nombre geográfico como elemento de entrada | Comunismo |
| 650 #4 - PUNTO DE ACCESO ADICIONAL DE MATERIA--TÉRMINO DE MATERIA | |
| Término de materia o nombre geográfico como elemento de entrada | Política mundial |
| Subdivisión cronológica | 1989- |
| 650 #0 - PUNTO DE ACCESO ADICIONAL DE MATERIA--TÉRMINO DE MATERIA | |
| Término de materia o nombre geográfico como elemento de entrada | Capitalism |
| Subdivisión general | Political aspects |
| 650 #4 - PUNTO DE ACCESO ADICIONAL DE MATERIA--TÉRMINO DE MATERIA | |
| Término de materia o nombre geográfico como elemento de entrada | Capitalismo |
| Subdivisión general | Aspectos políticos |
| 700 1# - ENTRADA AGREGADA--NOMBRE PERSONAL | |
| Nombre de persona | Panitch, Leo ; |
| Término indicativo de función/relación | editor |
| 700 1# - ENTRADA AGREGADA--NOMBRE PERSONAL | |
| Nombre de persona | Melksins Wood, Ellen ; |
| Término indicativo de función/relación | coeditor |
| 700 1# - ENTRADA AGREGADA--NOMBRE PERSONAL | |
| Nombre de persona | Saville, John ; |
| Término indicativo de función/relación | coeditor |
| 942 ## - ELEMENTOS DE ENTRADA SECUNDARIOS (KOHA) | |
| Fuente del sistema de clasificación o colocación | Clasificación de Library of Congress |
| Tipo de ítem Koha | |
| Estatus retirado | Estado de pérdida | Fuente del sistema de clasificación o colocación | Estado de daño | No para préstamo | Colección | Biblioteca de origen | Biblioteca actual | Ubicación en estantería | Fecha de adquisición | Serial enumeration / chronology | Signatura topográfica completa | Código de barras | Visto por última vez | Copia número | Tipo de ítem Koha |
|---|---|---|---|---|---|---|---|---|---|---|---|---|---|---|---|
| Clasificación de Library of Congress | Ciencias Sociales | Biblioteca Juan Bosch | Biblioteca Juan Bosch | Ciencias Sociales (3er. Piso) | 24/10/2018 | 1 | HX 15 S678 1995 | 00000010137 | 24/10/2018 | 1 |
